|
|
|
|
| LEADER |
01114nam a22002417a 4500 |
| 001 |
AAL8769 |
| 003 |
BD-DhAAL |
| 005 |
20170427123658.0 |
| 008 |
170427m19882003bg a|||| |||| 00| 0 ben d |
| 999 |
|
|
|c 38095
|d 38095
|
| 020 |
|
|
|a 9848483020
|
| 040 |
|
|
|a BD-DhAAL
|d BD-DhAAL
|
| 041 |
|
|
|a ben
|
| 082 |
|
|
|a 327.5492
|
| 245 |
|
|
|a বাংলাদেশের পররাষ্ট্রনীতি :
|b জিয়াউর রহমান ও খালেদা জিয়া /
|c সম্পাদনা মুশফিকুল ফজল আনসারী
|
| 260 |
|
|
|a ঢাকা :
|b ন্যাব পাবলিশার্স,
|c ২০০৪
|
| 300 |
|
|
|a ৪৬৪ পৃ. :
|b চিত্র ;
|c ২২ সে. মি.
|
| 541 |
|
|
|e 8768
|
| 651 |
|
|
|a Bangladesh
|x International relations
|9 21364
|
| 700 |
|
|
|a আনসারী, মুশফিকুল ফজল
|9 21365
|
| 852 |
|
|
|a Savar Campus Library
|c General shelf
|
| 942 |
|
|
|2 ddc
|c BK
|
| 952 |
|
|
|0 0
|1 0
|2 ddc
|4 0
|6 327_549200000000000_BAN
|7 0
|9 60463
|a SCL
|b SCL
|c GEN
|d 2017-04-27
|l 1
|m 1
|o 327.5492 BAN
|p 3020008768
|r 2020-03-10
|s 2020-03-01
|t 1
|w 2017-04-27
|y BK
|